[Event "EU-ch U16 rapid"]
[Site "Terme Catez"]
[Date "2023.09.28"]
[Round "2"]
[White "Marjanovic, Alex"]
[Black "Perea Fruet, Lorenzo"]
[Result "0-1"]
[WhiteElo "2003"]
[BlackElo "2272"]
[PlyCount "88"]
[EventDate "2023.09.28"]
[EventType "swiss (rapid)"]
[EventRounds "9"]
[EventCountry "SLO"]
[SourceTitle "EXT 2024"]
[Source "ChessBase"]
[SourceDate "2023.10.10"]
[SourceVersion "1"]
[SourceVersionDate "2023.10.10"]
[SourceQuality "1"]

1. e4 c5 2. Nf3 Nc6 3. d4 cxd4 4. Nxd4 Nf6 5. Nc3 e6 6. Ndb5 Bc5 7. Bf4 0-0 8. Be2 a6 9. Nd6 b5 10. 0-0 Ne8 11. Nxe8 Rxe8 12. Qd2 Qb6 13. Rad1 Bd4 14. Be3 Bxe3 15. Qxe3 Qxe3 16. fxe3 Ne5 17. Rd6 Kf8 18. Rfd1 Bb7 19. Rb6 Bc6 20. a4 Reb8 21. Rxb8+ Rxb8 22. axb5 axb5 23. b4 Ke7 24. Ra1 Rc8 25. Ra2 f6 26. Nxb5 Rb8 27. Ra5 Bxe4 28. c3 h5 29. Ra7 h4 30. Kf2 g5 31. Rc7 g4 32. Nd4 Rg8 33. g3 h3 34. b5 Ra8 35. Ke1 Kd6 36. b6 Rb8 37. Nb5+ Ke7 38. Na7 Kd8 39. Nb5 Rxb6 40. Ra7 Bd3 41. Ra8+ Ke7 42. Nd4 Bxe2 43. Kxe2 Rb2+ 44. Kd1 Rxh2 0-1

[Event "Hum na Sutli op 15th"]
[Site "Hum na Sutli"]
[Date "2023.08.31"]
[Round "7"]
[White "Peric, Bernard"]
[Black "Marjanovic, Alex"]
[Result "1-0"]
[WhiteElo "2160"]
[BlackElo "2038"]
[PlyCount "123"]
[EventDate "2023.08.26"]
[EventType "swiss"]
[EventRounds "9"]
[EventCountry "CRO"]
[SourceTitle "EXT 2024"]
[Source "ChessBase"]
[SourceDate "2023.10.10"]
[SourceVersion "1"]
[SourceVersionDate "2023.10.10"]
[SourceQuality "1"]

1. Nf3 c5 2. g3 Nc6 3. d4 cxd4 4. Nxd4 g6 5. Bg2 Bg7 6. e3 Nf6 7. b3 0-0 8. Bb2 d5 9. 0-0 Qb6 10. Nd2 Rd8 11. h3 a6 12. c4 dxc4 13. Nxc6 bxc6 14. Nxc4 Qc7 15. Qc2 Nd5 16. Bxg7 Kxg7 17. e4 Nf6 18. Qc3 Be6 19. Rac1 Rac8 20. Rfd1 Rxd1+ 21. Rxd1 Bxc4 22. Qxc4 Qa5 23. Qe2 e5 24. Bf1 Qc5 25. Rd2 Qb4 26. Rc2 Qxe4 27. Qxe4 Nxe4 28. Bxa6 Rc7 29. b4 Rd7 30. Be2 Rd6 31. a4 Rd4 32. Rc4 c5 33. b5 Nd6 34. Rxc5 Rxa4 35. Rxe5 Rb4 36. Rd5 Ne4 37. Bd3 Nc3 38. Rc5 Nd1 39. Rc7 Nb2 40. Be2 h5 41. Kg2 Rb3 42. Ra7 Rb4 43. Kf3 Na4 44. Rc7 Nb2 45. Ke3 Kf8 46. Kd2 Na4 47. Bc4 f6 48. Bd3 g5 49. Ke3 Nb2 50. Be2 h4 51. gxh4 gxh4 52. Kd2 Na4 53. Rc4 Rb2+ 54. Ke3 Rb3+ 55. Kd2 Rb2+ 56. Kc1 Rxe2 57. Rxa4 Rxf2 58. b6 Rf1+ 59. Kc2 Rf2+ 60. Kc3 Rf3+ 61. Kc4 Rf4+ 62. Kb5 1-0

[Event "Hum na Sutli op 15th"]
[Site "Hum na Sutli"]
[Date "2023.08.30"]
[Round "6"]
[White "Marjanovic, Alex"]
[Black "Galoic, Boris"]
[Result "1-0"]
[WhiteElo "2038"]
[BlackElo "2058"]
[PlyCount "117"]
[EventDate "2023.08.26"]
[EventType "swiss"]
[EventRounds "9"]
[EventCountry "CRO"]
[SourceTitle "EXT 2024"]
[Source "ChessBase"]
[SourceDate "2023.10.10"]
[SourceVersion "1"]
[SourceVersionDate "2023.10.10"]
[SourceQuality "1"]

1. e4 e5 2. Nf3 Nc6 3. d4 exd4 4. Nxd4 Nxd4 5. Qxd4 Qf6 6. e5 Qb6 7. Be3 Qxd4 8. Bxd4 Ne7 9. Bc4 Nc6 10. Bc3 Bb4 11. 0-0 0-0 12. Bxb4 Nxb4 13. Na3 a6 14. c3 Nc6 15. f4 Ne7 16. Rad1 b5 17. Bb3 Rb8 18. c4 c5 19. Rfe1 Nf5 20. Rd5 g6 21. cxb5 axb5 22. Rxc5 b4 23. Nb5 Rb6 24. Rd1 Bb7 25. Nd6 Nxd6 26. Rxd6 Bc6 27. Rf6 Kg7 28. Rc2 Rbb8 29. Rd2 Rb7 30. Rd4 Rbb8 31. Kf2 Rb7 32. g4 Rbb8 33. Kg3 Rb7 34. g5 Rbb8 35. h4 Rb7 36. Kg4 Bb5 37. Kf3 Bc6+ 38. Kg3 Rbb8 39. h5 gxh5 40. Kh4 Rb7 41. Kxh5 Rb5 42. Kh4 Rc5 43. Rxb4 Rc1 44. Ba4 Bd5 45. a3 Rfc8 46. Bb3 Rh1+ 47. Kg4 Rg1+ 48. Kf5 Be6+ 49. Bxe6 dxe6+ 50. Ke4 Rcc1 51. Rb3 Rge1+ 52. Kd4 Red1+ 53. Rd3 Re1 54. Rh6 Rc2 55. b4 Rf2 56. Rh4 Kg6 57. Kc5 Rc1+ 58. Kd6 Rc4 59. f5+ 1-0

[Event "Hum na Sutli op 15th"]
[Site "Hum na Sutli"]
[Date "2023.08.26"]
[Round "1"]
[White "Antolic, Davor"]
[Black "Marjanovic, Alex"]
[Result "0-1"]
[WhiteElo "1599"]
[BlackElo "2038"]
[PlyCount "60"]
[EventDate "2023.08.26"]
[EventType "swiss"]
[EventRounds "9"]
[EventCountry "CRO"]
[SourceTitle "EXT 2024"]
[Source "ChessBase"]
[SourceDate "2023.10.10"]
[SourceVersion "1"]
[SourceVersionDate "2023.10.10"]
[SourceQuality "1"]

1. e4 c5 2. Nf3 Nc6 3. d4 cxd4 4. Nxd4 Nf6 5. Nc3 e5 6. Ndb5 d6 7. Bg5 a6 8. Na3 b5 9. Nd5 Be7 10. Nxe7 Nxe7 11. Bxf6 gxf6 12. Qf3 Nc6 13. c3 b4 14. Nc2 bxc3 15. Qxc3 Bb7 16. Bc4 Rc8 17. Bxf7+ Kxf7 18. Qb3+ Kf8 19. Qxb7 Na5 20. Qxa6 Rxc2 21. b4 Nc6 22. a3 Nd4 23. 0-0 Rg8 24. Rad1 Qd7 25. Qa8+ Rc8 26. Qa6 Rxg2+ 27. Kxg2 Qg4+ 28. Kh1 Qf3+ 29. Kg1 Ne2+ 30. Qxe2 Qxe2 0-1

[Event "Vrsar op"]
[Site "Vrsar"]
[Date "2023.04.29"]
[Round "6"]
[White "Marjanovic, Alex"]
[Black "Mihaljevic, Eva"]
[Result "1/2-1/2"]
[WhiteElo "1876"]
[BlackElo "1858"]
[PlyCount "49"]
[EventDate "2023.04.25"]
[EventType "swiss"]
[EventRounds "9"]
[EventCountry "CRO"]
[SourceTitle "CBM 214 Extra"]
[Source "ChessBase"]
[SourceDate "2023.07.31"]
[SourceVersion "1"]
[SourceVersionDate "2023.07.31"]
[SourceQuality "1"]

1. e4 c5 2. Nf3 d6 3. Bb5+ Nd7 4. c3 a6 5. Ba4 b5 6. Bc2 Ngf6 7. d4 Bb7 8. Qe2 g6 9. 0-0 Bg7 10. Rd1 Qc7 11. e5 dxe5 12. Nxe5 0-0 13. Nxd7 Qxd7 14. Be3 Qc6 15. f3 cxd4 16. Bxd4 e6 17. Nd2 Rfd8 18. Ne4 Nxe4 19. Bxe4 Bxd4+ 20. Rxd4 Qb6 21. Qf2 Bxe4 22. Rxe4 Qxf2+ 23. Kxf2 Rd2+ 24. Re2 Rad8 25. Ke1 1/2-1/2

[Event "Vrsar op"]
[Site "Vrsar"]
[Date "2023.04.28"]
[Round "5"]
[White "Mainenti, Kevin"]
[Black "Marjanovic, Alex"]
[Result "0-1"]
[WhiteElo "1893"]
[BlackElo "1876"]
[PlyCount "110"]
[EventDate "2023.04.25"]
[EventType "swiss"]
[EventRounds "9"]
[EventCountry "CRO"]
[SourceTitle "CBM 214 Extra"]
[Source "ChessBase"]
[SourceDate "2023.07.31"]
[SourceVersion "1"]
[SourceVersionDate "2023.07.31"]
[SourceQuality "1"]

1. e4 c6 2. d4 d5 3. Nd2 dxe4 4. Nxe4 Nf6 5. Ng3 e6 6. c3 Nbd7 7. Bg5 h6 8. Be3 Bd6 9. Bd3 0-0 10. Qd2 Ng4 11. Ne4 Nxe3 12. fxe3 Bc7 13. 0-0-0 e5 14. g4 Nf6 15. Nxf6+ Qxf6 16. Rf1 Qe7 17. h3 a5 18. Ne2 Be6 19. Kb1 exd4 20. exd4 Bd5 21. Rhg1 Bh2 22. Ng3 Bxg1 23. Nf5 Qg5 24. Qxg5 hxg5 25. Rxg1 Rfe8 26. Nd6 Re3 27. Bc2 b5 28. Rf1 Rxh3 29. Bb3 Bxb3 30. axb3 Rd8 31. Nb7 Re8 32. Nxa5 Re2 33. Ka1 Rhh2 34. Rb1 Re6 35. Ka2 Rg2 36. Ka3 Rxg4 37. Kb4 Rf4 38. Rg1 Rg6 39. Nxc6 Rxc6 40. Kxb5 Rg6 41. d5 g4 42. c4 Kf8 43. c5 Ke7 44. d6+ Rxd6 45. cxd6+ Kxd6 46. b4 f5 47. Ka5 Rd4 48. b5 Kc7 49. Re1 Re4 50. Rc1+ Kb7 51. Rd1 g3 52. Rd7+ Kc8 53. Rxg7 Rg4 54. Rf7 g2 55. Rf8+ Kd7 0-1

[Event "Varazdinske Toplice op"]
[Site "Varazdinske Toplice"]
[Date "2022.12.26"]
[Round "9"]
[White "Marjanovic, Alex"]
[Black "Cavlek, Marko"]
[Result "1-0"]
[WhiteElo "1817"]
[BlackElo "1772"]
[PlyCount "69"]
[EventDate "2022.12.26"]
[EventType "swiss"]
[EventRounds "9"]
[EventCountry "CRO"]
[SourceTitle "CBM 211 Extra"]
[Source "ChessBase"]
[SourceDate "2023.01.31"]
[SourceVersion "1"]
[SourceVersionDate "2023.01.31"]
[SourceQuality "1"]

1. e4 c5 2. Nf3 d6 3. Bb5+ Nc6 4. 0-0 e6 5. d4 cxd4 6. Nxd4 Bd7 7. Nc3 Nf6 8. Bg5 Be7 9. Re1 Rc8 10. Bf1 a6 11. Qd2 h6 12. Be3 Ng4 13. Nxc6 Bxc6 14. Bf4 e5 15. Bg3 0-0 16. h3 Nf6 17. Rad1 Qb6 18. b3 Ne8 19. Bc4 Qc7 20. Bd5 Nf6 21. Bxc6 Qxc6 22. Re3 b5 23. Rc1 Rfd8 24. Nd5 Nxd5 25. exd5 Qc5 26. c4 Bg5 27. b4 Bxe3 28. fxe3 Qc7 29. c5 dxc5 30. bxc5 Qb7 31. e4 f6 32. Qb4 Rc7 33. c6 Qb6+ 34. Bf2 Qb8 35. d6 1-0

[Event "Varazdinske Toplice op"]
[Site "Varazdinske Toplice"]
[Date "2022.12.26"]
[Round "2"]
[White "Marjanovic, Alex"]
[Black "Sliepcevic, Mladen"]
[Result "0-1"]
[WhiteElo "1817"]
[BlackElo "2124"]
[PlyCount "74"]
[EventDate "2022.12.26"]
[EventType "swiss"]
[EventRounds "9"]
[EventCountry "CRO"]
[SourceTitle "CBM 211 Extra"]
[Source "ChessBase"]
[SourceDate "2023.01.31"]
[SourceVersion "1"]
[SourceVersionDate "2023.01.31"]
[SourceQuality "1"]

1. e4 c5 2. Nf3 d6 3. Bb5+ Bd7 4. Bxd7+ Qxd7 5. 0-0 Nc6 6. Re1 e6 7. c4 Nf6 8. d4 cxd4 9. Nxd4 Be7 10. Nc3 0-0 11. Be3 Rac8 12. b3 Qc7 13. Rc1 a6 14. Nce2 Nxe4 15. Qd3 Nf6 16. Red1 Qa5 17. Nxc6 bxc6 18. Nc3 d5 19. Na4 Nd7 20. Bd2 Bb4 21. Bxb4 Qxb4 22. cxd5 cxd5 23. Qxa6 Rxc1 24. Rxc1 Ne5 25. Qe2 Qa3 26. Rd1 Nc6 27. Nc3 Qb4 28. Rc1 Nd4 29. Qd3 Rc8 30. Kf1 g6 31. g3 Nb5 32. Ne2 Rxc1+ 33. Nxc1 Nc3 34. a3 Qc5 35. b4 Qc6 36. Nb3 d4 37. Nxd4 Qh1# 0-1

[Event "HUN-ch U12"]
[Site "Balatonlelle"]
[Date "2019.06.22"]
[Round "2"]
[White "Marjanovic, Alex"]
[Black "Bodrogi, Bendeguz"]
[Result "0-1"]
[WhiteElo "1629"]
[BlackElo "1925"]
[PlyCount "70"]
[EventDate "2019.06.21"]
[EventType "swiss"]
[EventRounds "9"]
[EventCountry "HUN"]
[SourceTitle "CBM 191 Extra"]
[Source "ChessBase"]
[SourceDate "2019.09.30"]
[SourceVersion "1"]
[SourceVersionDate "2019.09.30"]
[SourceQuality "1"]

1. e4 c5 2. Nf3 Nf6 3. e5 Nd5 4. g3 Nc6 5. Bg2 d6 6. exd6 exd6 7. 0-0 Be7 8. Re1 0-0 9. d4 Bf6 10. dxc5 dxc5 11. Bg5 Ndb4 12. Qxd8 Bxd8 13. Na3 Bg4 14. Bxd8 Raxd8 15. Ne5 Nxe5 16. Rxe5 b6 17. f3 Be6 18. Re2 Rd7 19. c3 Nd3 20. Rd2 Rfd8 21. f4 g6 22. Bc6 Rd6 23. Bb5 Nxf4 24. Rxd6 Nh3+ 25. Kg2 Rxd6 26. Nc4 Rd8 27. Re1 Ng5 28. Re2 h5 29. h4 Ne4 30. Kh2 Nf6 31. Kg2 Ng4 32. Ne3 Nxe3+ 33. Rxe3 Rd2+ 34. Re2 Rxe2+ 35. Bxe2 Bxa2 0-1